| 000 | 01366nam a2200361 c 4500 | ||
|---|---|---|---|
| 003 | BLK | ||
| 005 | 20250711153943.0 | ||
| 008 | 180410b bul|||||r ||||||| ||bul|| | ||
| 010 | _aKNG00171250000 | ||
| 020 |
_a978-954-26-1255-1 _bиздат.: Хермес |
||
| 040 | _aBLK | ||
| 041 |
_aBUL _cBUL |
||
| 072 | 7 |
_2bullib _aН83 _xЧужда художествена литература Н |
|
| 080 |
_aАнглийска литература _b821.111 _x-31 _z821.111-31 |
||
| 100 | 1 |
_aБронте, Шарлот _eпърви автор _9260402 |
|
| 700 | 1 |
_aКънев, Христо Петров _eпрев. от англ. _9367206 |
|
| 139 |
_aБронте, Шарлот _bБ 82 |
||
| 245 | 1 | 0 |
_aДжейн Еър _bРоман _cШарлот Бронте; прев. от англ. Христо Петров Кънев. |
| 250 | _a6. изд. | ||
| 257 | _aGBR | ||
| 260 |
_аПловдив _bХермес _c2013 _fХасково : Полиграфюг |
||
| 300 |
_a528 с. _c21 см |
||
| 380 | _aX | ||
| 490 | 1 | _aКлуб Класика | |
| 500 | _aОриг. загл.: Jane Eyre / Charlotte Bronte | ||
| 659 | _aН | ||
| 852 | _aЦб 272677 | ||
| 856 | 4 |
_qpdf _u |
|
| 856 | 4 |
_qpdf _u |
|
| 942 |
_cKNG _n0 _02 |
||
| 944 |
_aCR _c13.02.2015 _k30576 _lЦветомила Тодорова |
||
| 944 |
_aED _c29.06.2015 _kНаталия_Медовщикова |
||
| 999 |
_c163787 _d163787 |
||